The resurrection of Joseph Bourne

Uloženo v:
Podrobná bibliografie
Hlavní autor: Hodgines, Jack
Médium: Kniha
Jazyk:Undetermined
Vydáno: Toronto, Canadá Macmillan 1979
Témata:
Tagy: Přidat tag
Žádné tagy, Buďte první, kdo vytvoří štítek k tomuto záznamu!

MARC

LEADER 00000nam a2200000Ia 4500
008 170316s9999 xx 000 0 und d
040 |a cru BVZT 
090 |a 818 H-8r 
100 |a Hodgines, Jack 
245 4 |a The resurrection of Joseph Bourne 
260 |a Toronto, Canadá 
260 |b Macmillan 
260 |c 1979 
300 |a 271 páginas 
650 |a LITERATURA CANADIENSE 
999 |c 6478  |d 6478 
942 |c 15 D  |h 818 H-8r  |2 z